¿Qué País Sudamericano? - Estadísticas

Estadísticas generales
  • Esta prueba ha sido intentada 10.243 veces
  • La puntuación promedio es 11 de 15
Estadísticas de respuestas
Pregunta Respuesta % Correcto
¿En qué país estaba la capital del Imperio Inca? Perú
98%
¿Cuál de estos países tiene el español como idioma oficial? Uruguay
95%
¿Dónde estaban los carteles de Pablo Escobar? Colombia
94%
¿Qué país reclama las Islas Malvinas? Argentina
89%
¿Cuál de estos países ha ganado una Copa Mundial (masculina)? Uruguay
87%
¿Qué país fue colonizado por los neerlandeses? Surinam
76%
¿A qué país pertenece la Isla de Pascua? Chile
73%
¿Qué país lleva el nombre de una persona? Bolivia
66%
¿Qué país tiene un nombre derivado de un elemento químico? Argentina
65%
Brasil comparte las Cataratas del Iguazú con otro país. ¿Cuál es? Argentina
64%
¿Quién ganó la guerra del Pacífico? Chile
63%
¿Dónde está la ciudad Recife? Brasil
62%
La Tierra no está perfectamente esférica. Por lo tanto is, la cima del volcán Chimborazo está el punto más alejado del centro de la Tierra. ¿Dónde se encuentra el Chimborazo? Ecuador
54%
¿Dónde está la mayoría del río Orinoco? Venezuela
51%
¿Qué país era parte del Imperio del Brasil? Uruguay
35%
No se encontraron pruebas coincidentes
Distribución de puntuación
Porcentaje de gente con cada puntuación
Porcentaje por número respondido
Historial de tus puntuaciones
No has intentado esta prueba.